120 Game of Thrones Characters Quiz Stats

 Plays Quiz Updated May 19, 2019

Score 0/120 Timer 15:00
3 Plays Today
Name % Correct
Jon Snow (Aegon)
98.9%
Arya Stark
97.5%
Sansa Stark
97%
Bran Stark
96.9%
Ned Stark
96%
Tyrion Lannister
91.7%
Robb Stark
91.3%
Hodor
91.1%
Cersei Lanniser
90.5%
Catelyn Stark
89.7%
Sandor Clegane
89.6%
Jaime Lannister
88.7%
Gregor Clegane
88.7%
Littlefinger
88.3%
King Joffrey
88.1%
Robert Baratheon
88.1%
Tywin Lannister
86.4%
Daenerys Targaryen
86.2%
Rickon Stark
85.8%
Varys
85.6%
Theon Greyjoy
85.6%
Samwell Tarly
85.5%
The Night King
85.3%
Khal Drogo
84.9%
Grey Worm
84.3%
Brienne of Tarth
83.7%
Bronn
82.2%
Tommen Baratheon
81.4%
Stannis Baratheon
81.2%
Jorah Mormont
81.2%
Ramsay Bolton
81.1%
Podrick Payne
80.2%
Melisandre
79.7%
Gendry
78.6%
Benjen Stark
78%
Davos Seaworth
76.8%
Euron Greyjoy
76.7%
Margaery Tyrell
76.1%
Yara Greyjoy
75.6%
Renly Baratheon
75.3%
Name % Correct
Tormund Giantsbane
74.6%
Walder Frey
74%
Hot Pie
73.3%
Gilly
73.3%
Ygritte
72.4%
Missandei
72%
Viserys Targaryen
69.9%
Lysa Arryn
69.7%
Lyanna Mormont
69.1%
Oberyn Martell
69%
Roose Bolton
68.9%
Myrcella Baratheon
67.5%
Robin Arryn
67.3%
Olenna Tyrell
67%
Shae
66.7%
Loras Tyrell
65.4%
Maester Aemon
65.3%
Lancel Lannister
64.3%
Eddison Tollett
64.1%
Osha
63.8%
High Sparrow
63.4%
Syrio Forel
62.7%
Mance Rayder
62.6%
Ros
62.1%
Maester Qyburn
61.8%
Grand Maester Pycelle
61.8%
Beric Dondarrion
61.4%
Jojen Reed
61.2%
Barristan Selmy
59.5%
Meera Reed
59.2%
Three-Eyed Raven
57.4%
Jeor Mormont
56.9%
Shireen Baratheon
56.7%
Wun Wun
56.2%
Maester Luwin
55.3%
Daario Naharis
55%
Old Nan
55%
Edmure Tully
53.7%
Brynden Tully
53.6%
Leaf
53.4%
Name % Correct
Olly
52.7%
Talisa Stark
52.1%
Jaqen H'ghar
52.1%
Kevan Lannister
51.4%
Balon Greyjoy
50.6%
Thoros of Myr
50.1%
The Waif
48.8%
Mace Tyrell
47.4%
Alliser Thorne
47%
Pypar
46.5%
Craster
46.4%
Ilyn Payne
46.3%
Meryn Trant
45.4%
Ellaria Sand
45.3%
Grenn
40.3%
Rodrik Cassel
40.3%
Obara Sand
40%
Doran Martell
39%
Xaro Xhoan Daxos
37.9%
Nymeria Sand
37.7%
Jory Cassel
35.6%
Qhorin Halfhand
35.4%
Septa Mordane
35%
Mirri Maz Duur
34.9%
Janos Slynt
34.4%
Tyene Sand
34.2%
Trystane Martell
32.5%
Septa Unella
32.3%
Selyse Baratheon
31%
Locke
30.2%
Yohn Royce
29.5%
Doreah
28.7%
Pyat Pree
28.2%
Irri
25.5%
Ser Dontos
25.2%
Yoren
24.3%
Olyvar
21.4%
Rast
19.6%
Hizdahr zo Loraq
17.5%
Orell
16.6%

You're not logged in!

Compare scores with friends on all Sporcle quizzes.
OR
Log In

Sporcle TV

Today on Sporcle TV


Watch our educational content, quiz creation guides, and fun videos on Sporcle TV.

Show Comments

Extras

Top Quizzes Today


Score Distribution

Your Account Isn't Verified!

In order to create a playlist on Sporcle, you need to verify the email address you used during registration. Go to your Sporcle Settings to finish the process.

Report this User

Report this user for behavior that violates our Community Guidelines.

Details: